LEADER 01136nam2-2200373---450- 001 990003370120203316 005 20100210105557.0 010 $a978-1-9341155-63-3 035 $a000337012 035 $aUSA01000337012 035 $a(ALEPH)000337012USA01 035 $a000337012 100 $a20100210d2009----km-y0itay50------ba 101 $aeng 102 $aUS 105 $aa---||||001yy 200 1 $aBiomedical informatics$fedited by Vadim Astakhov 210 $aNew York$cHumana Press$d2009 215 $aIX, 270 p.$cill.$d27 cm 225 2 $aMethods in molecular biology$v569 410 0$1001000336582$12001$aMethods in molecular biology$v, 569 606 0$aMedicina$xImpego [dell']Informatica 676 $a572.80285 702 1$aHICKS,$bBarry W. 801 0$aIT$bsalbc$gISBD 912 $a990003370120203316 951 $a572.80285 BIO$b5308 Farm.$c572.80285$d00255799 959 $aBK 969 $aFAR 979 $aCHIARA$b90$c20100210$lUSA01$h1052 979 $aCHIARA$b90$c20100210$lUSA01$h1055 979 $aCHIARA$b90$c20100210$lUSA01$h1055 996 $aBiomedical informatics$91123457 997 $aUNISA LEADER 02471nam 2200409Ia 450 001 996394244703316 005 20200824121713.0 035 $a(CKB)4940000000114914 035 $a(EEBO)2248519645 035 $a(UnM)99896747e 035 $a(UnM)99896747 035 $a(EXLCZ)994940000000114914 100 $a19981120d1690 uy | 101 0 $aeng 135 $aurbn||||a|bb| 200 00$aAristotle's master-piece: or, The secrets of generation display'd in all the parts thereof$b[electronic resource] $eContaining 1. The signs of barrenness. 2. The way of getting a boy or girl. 3. Of the likeness of children to parents. 4. Of the infusion of the soul into the infant. 5. Of monsturous [sic] births, and the reason[s] thereof. 6. Of the benefit of marriage to both sexes. 7. The prejudice of unequal matches. 8. The discovery of insufficiency. 9. The cause and cure of the green sickness. 10. A discour[se] of virginity. 11. How a midwife ought to be qualified. 12. Directions and cautions to midwives. 13. Of the organs of generation in women. 14. The fabrick of the womb. 15. The use and action of the genitals. 16. Signs of conception, and whether of a male or female. 17. To discover false conception. 18. Instructions for women with child. 19. For preventing miscarriage. 20. For vvomen in child-bed. ... To which is added, a word of advice to both sexes in the act of copulation. And the pictures of several monstrous births. Very necessary for all midwives, nurses, and young-married women 210 $aLondon $cprinted by F.L. for J. How$din the year 1690 215 $a[6], 178, [2] p. $cill. (woodcuts) 300 $aWith an order to print dated Febr. 12th, 1689/90. 300 $aWith a final advertisement leaf. 300 $aLwe copy, reel 2433, missing pp. 79-80, advertisement leaf damaged. 300 $aReproduction of original in the Wellcome Institute for the History of Medicine, London, England. 330 $aeebo-0186 606 $aHuman reproduction$vEarly works to 1800 606 $aGynecology$vEarly works to 1800 606 $aMidwives$vEarly works to 1800 615 0$aHuman reproduction 615 0$aGynecology 615 0$aMidwives 702 $aAristotle 801 0$bCu-RivES 801 1$bCu-RivES 801 2$bWaOLN 906 $aBOOK 912 $a996394244703316 996 $aAristotle's master-piece: or, The secrets of generation display'd in all the parts thereof$91886636 997 $aUNISA